Guided weapons : (Record no. 593542)
[ view plain ]
| 000 -LEADER | |
|---|---|
| fixed length control field | 01118pam a2200301 a 4500 |
| 001 - CONTROL NUMBER | |
| control field | 933944 |
| 005 - DATE AND TIME OF LATEST TRANSACTION | |
| control field | 20230307110356.0 |
| 008 - FIXED-LENGTH DATA ELEMENTS--GENERAL INFORMATION | |
| fixed length control field | 830715s1983 enka b 001 0 eng |
| 010 ## - LIBRARY OF CONGRESS CONTROL NUMBER | |
| LC control number | 83015465 |
| 020 ## - INTERNATIONAL STANDARD BOOK NUMBER | |
| International Standard Book Number | 0080283365 : |
| Terms of availability | $27.00 |
| 020 ## - INTERNATIONAL STANDARD BOOK NUMBER | |
| International Standard Book Number | 0080283373 (pbk.) : |
| Terms of availability | $12.50 |
| 040 ## - CATALOGING SOURCE | |
| Original cataloging agency | DLC |
| Transcribing agency | DLC |
| Modifying agency | DLC |
| 050 00 - LIBRARY OF CONGRESS CALL NUMBER | |
| Classification number | UG1310 |
| Item number | .G84 1983 |
| 082 00 - DEWEY DECIMAL CLASSIFICATION NUMBER | |
| Classification number | 355 |
| Edition number | 19 |
| Author Mark | GUI 1983 |
| 245 00 - TITLE STATEMENT | |
| Title | Guided weapons : |
| Remainder of title | including light, unguided anti-tank weapons / |
| Statement of responsibility, etc. | R.G. Lee ... [et al.]. |
| 250 ## - EDITION STATEMENT | |
| Edition statement | 1st ed. |
| 260 ## - PUBLICATION, DISTRIBUTION, ETC. | |
| Place of publication, distribution, etc. | Oxford : |
| Name of publisher, distributor, etc. | Brassey's Defense Publishers ; |
| Place of publication, distribution, etc. | Washington, D.C. : |
| Name of publisher, distributor, etc. | Pentagon-Brassey's International Defense Publishers, |
| Date of publication, distribution, etc. | 1983. |
| 300 ## - PHYSICAL DESCRIPTION | |
| Extent | xiv, 223 p. : |
| Other physical details | ill. ; |
| Dimensions | 26 cm. |
| 490 1# - SERIES STATEMENT | |
| Series statement | Brassey's Battlefield weapons systems and technology series ; |
| Volume/sequential designation | v. 8 |
| 500 ## - GENERAL NOTE | |
| General note | Includes index. |
| 504 ## - BIBLIOGRAPHY, ETC. NOTE | |
| Bibliography, etc. note | Bibliography: p. 217. |
| 650 #0 - SUBJECT ADDED ENTRY--TOPICAL TERM | |
| Topical term or geographic name entry element | Guided missiles. |
| 9 (RLIN) | 42228 |
| 650 #0 - SUBJECT ADDED ENTRY--TOPICAL TERM | |
| Topical term or geographic name entry element | Antitank weapons. |
| 9 (RLIN) | 106396 |
| 700 1# - ADDED ENTRY--PERSONAL NAME | |
| Personal name | Lee, R. G. |
| Fuller form of name | (R. Geoffrey) |
| 9 (RLIN) | 109935 |
| 830 #0 - SERIES ADDED ENTRY--UNIFORM TITLE | |
| Uniform title | Battlefield weapons systems & technology ; |
| Volume/sequential designation | v. 8. |
| 9 (RLIN) | 55994 |
| 906 ## - LOCAL DATA ELEMENT F, LDF (RLIN) | |
| a | 7 |
| b | cbc |
| c | orignew |
| d | 1 |
| e | ocip |
| f | 19 |
| g | y-gencatlg |
| 942 ## - ADDED ENTRY ELEMENTS (KOHA) | |
| Source of classification or shelving scheme | |
| Koha item type | Book |
| Withdrawn status | Lost status | Source of classification or shelving scheme | Damaged status | Not for loan | Permanent Location | Current Location | Shelving location | Date acquired | Total Checkouts | Full call number | Barcode | Date last seen | Price effective from | Koha item type |
|---|---|---|---|---|---|---|---|---|---|---|---|---|---|---|
| Centre for International Peace & Stability (CIPS) | Centre for International Peace & Stability (CIPS) | General Stacks | 03/07/2023 | 355 GUI 1983 | CIPSD0000729 | 03/07/2023 | 03/07/2023 | Book |
